[Event "Nova Maraba op 5th"]
[Site "Nova Maraba"]
[Date "2022.06.26"]
[Round "6"]
[White "Cunha, Adriano de Jesus Si"]
[Black "Luz, Edmundo Reis"]
[Result "0-1"]
[WhiteElo "1993"]
[BlackElo "2121"]
[PlyCount "60"]
[EventDate "2022.06.24"]
[EventType "swiss"]
[EventRounds "6"]
[EventCountry "BRA"]
[SourceTitle "EXT 2023"]
[Source "ChessBase"]
[SourceDate "2022.10.05"]
[SourceVersion "1"]
[SourceVersionDate "2022.10.05"]
[SourceQuality "1"]

1. d4 Nf6 2. Nf3 b6 3. g3 Bb7 4. Bg2 e6 5. 0-0 Be7 6. Nbd2 0-0 7. b3 d5 8. Ne5 c5 9. c3 Nbd7 10. Ndf3 Ne4 11. Bb2 Rc8 12. Rc1 f5 13. Nxd7 Qxd7 14. dxc5 Bxc5 15. c4 Qe7 16. cxd5 exd5 17. Nd4 f4 18. Bh3 fxg3 19. hxg3 Rce8 20. Rc2 Nxf2 21. Rxf2 Qe3 22. Qf1 Bxd4 23. Bxd4 Qxd4 24. e3 Qxe3 25. Kh2 Qh6 26. Kg1 d4 27. Rce2 Qd6 28. Rf4 d3 29. Re6 Qc5+ 30. Kh2 d2 0-1

[Event "Teresina op 7th"]
[Site "Teresina"]
[Date "2019.08.02"]
[Round "1"]
[White "Cunha, Charles Da Costa"]
[Black "Cunha, Adriano de Jesus Si"]
[Result "0-1"]
[WhiteElo "1801"]
[BlackElo "1991"]
[PlyCount "88"]
[EventDate "2019.08.02"]
[EventType "swiss"]
[EventRounds "6"]
[EventCountry "BRA"]
[SourceTitle "EXT 2020"]
[Source "ChessBase"]
[SourceDate "2019.10.17"]
[SourceVersion "1"]
[SourceVersionDate "2019.10.17"]
[SourceQuality "1"]

1. e4 c5 2. Nc3 e6 3. g3 Nc6 4. Bg2 Nf6 5. f4 d6 6. Nf3 Be7 7. 0-0 0-0 8. d3 Rb8 9. Be3 Ng4 10. Bc1 b5 11. h3 Nf6 12. Be3 b4 13. Ne2 Qc7 14. g4 a5 15. g5 Nh5 16. Qe1 f6 17. Qh4 g6 18. Ng3 Ng7 19. Qh6 Nd8 20. gxf6 Bxf6 21. Ng5 Bxg5 22. fxg5 Nf7 23. Qh4 Qe7 24. Rf6 Ne8 25. Rf2 Ne5 26. Rxf8+ Qxf8 27. Rf1 Qg7 28. b3 Rb7 29. d4 cxd4 30. Bxd4 Nf3+ 31. Rxf3 Qxd4+ 32. Kh2 Qg7 33. Qf4 Rc7 34. Rf2 Rc5 35. h4 Bb7 36. h5 gxh5 37. Nxh5 Qe5 38. Qxe5 Rxe5 39. Nf6+ Nxf6 40. gxf6 Bxe4 41. f7+ Kf8 42. Bxe4 Rxe4 43. Kg3 Re5 44. Kf4 h5 0-1

[Event "Maraba op 4th"]
[Site "Maraba"]
[Date "2019.04.28"]
[Round "5"]
[White "Pontes, Israel Fellip"]
[Black "Cunha, Adriano de Jesus Si"]
[Result "1/2-1/2"]
[WhiteElo "1971"]
[BlackElo "1983"]
[PlyCount "87"]
[EventDate "2019.04.26"]
[EventType "swiss"]
[EventRounds "6"]
[EventCountry "BRA"]
[SourceTitle "EXT 2020"]
[Source "ChessBase"]
[SourceDate "2019.10.17"]
[SourceVersion "1"]
[SourceVersionDate "2019.10.17"]
[SourceQuality "1"]

1. e4 e6 2. d4 d5 3. Nc3 Nf6 4. Bg5 dxe4 5. Nxe4 Be7 6. Nxf6+ Bxf6 7. Bxf6 Qxf6 8. Nf3 0-0 9. Be2 c5 10. c3 cxd4 11. Qxd4 Nd7 12. Qxf6 Nxf6 13. Ne5 Rd8 14. Rd1 Rxd1+ 15. Bxd1 Bd7 16. Nxd7 Nxd7 17. Kd2 Nc5 18. Bf3 Rd8+ 19. Kc2 b6 20. b4 Na6 21. a4 Kf8 22. Ra1 Nc7 23. a5 b5 24. Kb3 Ke7 25. Rd1 Nd5 26. Bxd5 exd5 27. Kc2 Rd6 28. Re1+ Re6 29. Rxe6+ Kxe6 30. Kd3 a6 31. Kd4 Kd6 32. f4 h5 33. h3 Kc6 34. g4 hxg4 35. hxg4 Kd6 36. f5 Kc6 37. Ke3 Kd6 38. Kf4 Kd7 39. Ke3 Kc6 40. Kd4 Kd7 41. Ke3 Ke7 42. Kf3 Kd7 43. Kg3 Kd6 44. Kf4 1/2-1/2

[Event "Maraba op 4th"]
[Site "Maraba"]
[Date "2019.04.27"]
[Round "3"]
[White "Melo, Wladmir Ferreira"]
[Black "Cunha, Adriano de Jesus Si"]
[Result "0-1"]
[WhiteElo "1853"]
[BlackElo "1983"]
[PlyCount "58"]
[EventDate "2019.04.26"]
[EventType "swiss"]
[EventRounds "6"]
[EventCountry "BRA"]
[SourceTitle "EXT 2020"]
[Source "ChessBase"]
[SourceDate "2019.10.17"]
[SourceVersion "1"]
[SourceVersionDate "2019.10.17"]
[SourceQuality "1"]

1. e4 e6 2. Nf3 d5 3. e5 c5 4. c3 Nc6 5. d4 Nge7 6. Bg5 Qb6 7. Bc1 cxd4 8. cxd4 Nf5 9. Nc3 Nfxd4 10. Nxd4 Qxd4 11. Qxd4 Nxd4 12. Bd3 Be7 13. Be3 Nc6 14. Nb5 0-0 15. f4 Bd7 16. 0-0 Nb4 17. Be2 Nc2 18. Bd2 Nxa1 19. Rxa1 Rac8 20. Bd3 Bxb5 21. Bxb5 Rc2 22. Bc3 Bc5+ 23. Kh1 d4 24. Bd3 Rf2 25. Be1 Rxb2 26. g4 Bb4 27. Bg3 Bc3 28. Rf1 Rxa2 29. f5 Ra1 0-1

[Event "Parauapebas-ch"]
[Site "Parauapebas"]
[Date "2017.10.15"]
[Round "15"]
[White "Cunha, Adriano de Jesus Si"]
[Black "Dos Santos, Lucas Vinicius Mont"]
[Result "1-0"]
[WhiteElo "1943"]
[BlackElo "1987"]
[PlyCount "89"]
[EventDate "2017.09.10"]
[EventType "tourn"]
[EventRounds "18"]
[EventCountry "BRA"]
[SourceTitle "EXT 2019"]
[Source "ChessBase"]
[SourceDate "2018.10.10"]
[SourceVersion "1"]
[SourceVersionDate "2018.10.10"]
[SourceQuality "1"]

1. c4 Nf6 2. Nc3 g6 3. Nf3 Bg7 4. g3 0-0 5. Bg2 c6 6. 0-0 d6 7. d3 e5 8. Rb1 Nbd7 9. b4 a6 10. a4 Re8 11. Qc2 Qc7 12. Bb2 Rb8 13. Rfc1 b6 14. b5 axb5 15. axb5 c5 16. Ra1 Bb7 17. Ra7 Ra8 18. Rca1 Rxa7 19. Rxa7 Ra8 20. Qa4 Qb8 21. Rxa8 Qxa8 22. Qxa8+ Bxa8 23. Nxe5 Bxg2 24. Nxd7 Nxd7 25. Kxg2 g5 26. g4 Kf8 27. h3 h6 28. Kf3 Be5 29. Ke4 f6 30. e3 Kf7 31. f4 gxf4 32. exf4 Bd4 33. Kd5 f5 34. Kxd6 fxg4 35. hxg4 Nf6 36. g5 Ne8+ 37. Kd5 h5 38. Ke4 Kg6 39. Na4 Bxb2 40. Nxb2 Nd6+ 41. Kf3 Kf5 42. Nd1 Kg6 43. Ne3 Kf7 44. f5 Nc8 45. Kg3 1-0

[Event "Parauapebas-ch"]
[Site "Parauapebas"]
[Date "2017.10.15"]
[Round "16"]
[White "Saraiva Silva, Luiz Guilherme"]
[Black "Cunha, Adriano de Jesus Si"]
[Result "1-0"]
[WhiteElo "1965"]
[BlackElo "1943"]
[PlyCount "139"]
[EventDate "2017.09.10"]
[EventType "tourn"]
[EventRounds "18"]
[EventCountry "BRA"]
[SourceTitle "EXT 2019"]
[Source "ChessBase"]
[SourceDate "2018.10.10"]
[SourceVersion "1"]
[SourceVersionDate "2018.10.10"]
[SourceQuality "1"]

1. e4 e6 2. d3 d5 3. Nd2 Nf6 4. g3 dxe4 5. dxe4 Nc6 6. Bg2 Bc5 7. Ngf3 0-0 8. 0-0 e5 9. c3 a5 10. h3 a4 11. Qc2 h6 12. Nc4 Qe7 13. Ne3 Rd8 14. Nh4 Be6 15. Nef5 Qf8 16. Qe2 Na5 17. Qf3 g5 18. Ne3 gxh4 19. Qxf6 hxg3 20. fxg3 Qg7 21. Qxg7+ Kxg7 22. Kh2 Bxe3 23. Bxe3 Nc4 24. Bc5 Nxb2 25. Be7 Rd7 26. Bf6+ Kh7 27. Bxe5 Nc4 28. Bf6 Ne3 29. Rf2 Nxg2 30. Kxg2 Rd3 31. Rb1 b6 32. Rbb2 Kg6 33. Be5 Ra5 34. Rf6+ Kh7 35. Bxc7 Rc5 36. Bf4 Rcxc3 37. Rxh6+ Kg7 38. Rxe6 fxe6 39. Be5+ Kf7 40. Bxc3 Rxc3 41. Rxb6 Rc2+ 42. Kf3 Rxa2 43. Ra6 a3 44. Kg4 Ra1 45. Kg5 a2 46. Ra7+ Ke8 47. g4 Kd8 48. h4 Kc8 49. h5 Kb8 50. Ra4 Kc7 51. Kg6 Rg1 52. Rxa2 Rxg4+ 53. Kf6 Rxe4 54. Rh2 Kd6 55. h6 Rf4+ 56. Kg7 Rg4+ 57. Kf6 Rf4+ 58. Kg7 Rg4+ 59. Kf7 Rf4+ 60. Ke8 e5 61. h7 Ra4 62. Kf7 Ra8 63. Kf6 Rf8+ 64. Kg5 Rh8 65. Kg6 Kd5 66. Kg7 Rxh7+ 67. Rxh7 Kd4 68. Kf6 e4 69. Kf5 Kd3 70. Rh3+ 1-0

[Event "Parauapebas-ch"]
[Site "Parauapebas"]
[Date "2017.10.08"]
[Round "14"]
[White "Luz Silva, Claudio Luis Olivei"]
[Black "Cunha, Adriano de Jesus Si"]
[Result "0-1"]
[WhiteElo "1829"]
[BlackElo "1943"]
[PlyCount "66"]
[EventDate "2017.09.10"]
[EventType "tourn"]
[EventRounds "18"]
[EventCountry "BRA"]
[SourceTitle "EXT 2019"]
[Source "ChessBase"]
[SourceDate "2018.10.10"]
[SourceVersion "1"]
[SourceVersionDate "2018.10.10"]
[SourceQuality "1"]

1. e4 e6 2. d4 d5 3. Nc3 Nf6 4. Bg5 dxe4 5. Nxe4 Be7 6. Nxf6+ Bxf6 7. Bxf6 Qxf6 8. Nf3 0-0 9. Bd3 c5 10. c3 cxd4 11. cxd4 Nc6 12. h4 Nb4 13. Be4 Qf4 14. Bb1 Bd7 15. a3 Nd5 16. 0-0 Rac8 17. Qd3 g6 18. g3 Qf6 19. Ne5 Rfd8 20. h5 a6 21. hxg6 hxg6 22. Qe4 Kg7 23. Ng4 Qg5 24. Bd3 Rh8 25. Kg2 Bc6 26. f3 Nf6 27. Qe3 Qxg4 28. Rh1 Rxh1 29. Rxh1 Rh8 30. Rxh8 Kxh8 31. Be2 Qh5 32. Qf4 Ng4 33. d5 Qh2+ 0-1

[Event "Parauapebas-ch"]
[Site "Parauapebas"]
[Date "2017.09.17"]
[Round "5"]
[White "Cunha, Adriano de Jesus Si"]
[Black "Luz Silva, Claudio Luis Olivei"]
[Result "1-0"]
[WhiteElo "1943"]
[BlackElo "1829"]
[PlyCount "115"]
[EventDate "2017.09.10"]
[EventType "tourn"]
[EventRounds "18"]
[EventCountry "BRA"]
[SourceTitle "EXT 2019"]
[Source "ChessBase"]
[SourceDate "2018.10.10"]
[SourceVersion "1"]
[SourceVersionDate "2018.10.10"]
[SourceQuality "1"]

1. c4 e5 2. Nc3 Nf6 3. Nf3 Nc6 4. g3 Bc5 5. Bg2 d5 6. cxd5 Nxd5 7. Nxe5 Nxc3 8. Bxc6+ bxc6 9. bxc3 0-0 10. 0-0 Re8 11. d4 Bb6 12. e3 Bh3 13. Re1 Qd5 14. e4 Qe6 15. Qh5 f6 16. Nxc6 Bg4 17. Qh4 g5 18. Bxg5 fxg5 19. Qxg5+ Qg6 20. Ne7+ Rxe7 21. Qxe7 Re8 22. Qh4 c5 23. h3 Bf3 24. Qf4 Bxe4 25. Re2 cxd4 26. cxd4 Bxd4 27. Rae1 Bc3 28. Rd1 Bf6 29. Rd6 Kg7 30. Rd7+ Kg8 31. f3 Bc6 32. Rxe8+ Qxe8 33. Rd1 Bg7 34. Qg5 h6 35. Qd8 Kf7 36. Qc7+ Qe7 37. Qxc6 Qe3+ 38. Kh1 Bd4 39. Qd5+ Kg6 40. Qe4+ Qxe4 41. fxe4 Be5 42. Kg2 Bc7 43. Rd7 Bb6 44. Kf3 h5 45. Kf4 Bf2 46. e5 a5 47. a4 Be1 48. g4 h4 49. Rd6+ Kf7 50. Kf5 Bb4 51. Rd7+ Ke8 52. Rh7 Be1 53. e6 Bf2 54. g5 Kf8 55. e7+ Ke8 56. Ke6 Bd4 57. Rxh4 Bf6 58. Kxf6 1-0

[Event "Florianopolis zt 2.4"]
[Site "Florianopolis"]
[Date "2017.04.29"]
[Round "6"]
[White "Cunha, Adriano de Jesus Si"]
[Black "Farias, Edilsom"]
[Result "1/2-1/2"]
[WhiteElo "1995"]
[BlackElo "1845"]
[PlyCount "37"]
[EventDate "2017.04.26"]
[EventType "swiss"]
[EventRounds "9"]
[EventCountry "BRA"]
[SourceTitle "CBM 178 Extra"]
[Source "ChessBase"]
[SourceDate "2017.06.22"]
[SourceVersion "1"]
[SourceVersionDate "2017.06.22"]
[SourceQuality "1"]

1. d4 Nf6 2. c4 e6 3. Nc3 Bb4 4. Qc2 Nc6 5. e3 0-0 6. Nf3 d6 7. a3 Bxc3+ 8. Qxc3 a5 9. b3 Re8 10. Bb2 Bd7 11. Be2 e5 12. d5 Nb8 13. Qc2 Bg4 14. 0-0 Nbd7 15. b4 b6 16. Bc3 axb4 17. axb4 Qe7 18. Rfd1 Rxa1 19. Rxa1 1/2-1/2

[Event "Florianopolis zt 2.4"]
[Site "Florianopolis"]
[Date "2017.04.28"]
[Round "4"]
[White "Cunha, Adriano de Jesus Si"]
[Black "Boabaid, Jorge Alberto Duard"]
[Result "1/2-1/2"]
[WhiteElo "1995"]
[BlackElo "1852"]
[PlyCount "124"]
[EventDate "2017.04.26"]
[EventType "swiss"]
[EventRounds "9"]
[EventCountry "BRA"]
[SourceTitle "CBM 178 Extra"]
[Source "ChessBase"]
[SourceDate "2017.06.22"]
[SourceVersion "1"]
[SourceVersionDate "2017.06.22"]
[SourceQuality "1"]

1. Nf3 Nf6 2. d4 e6 3. c4 d5 4. e3 Bd6 5. c5 Be7 6. Bd3 0-0 7. Nc3 b6 8. cxb6 axb6 9. 0-0 Ba6 10. Ne5 c5 11. b3 Qc8 12. Bb2 Nbd7 13. Nxd7 Qxd7 14. Bxa6 Rxa6 15. a4 Rd8 16. Nb5 Ne4 17. Qe2 Raa8 18. Rac1 Rdc8 19. f3 Nd6 20. Nxd6 Bxd6 21. f4 c4 22. bxc4 Rxa4 23. cxd5 exd5 24. Rxc8+ Qxc8 25. Qb5 Rb4 26. Qe2 Rc4 27. Rf2 Qe6 28. Qf3 f5 29. h3 Qe4 30. Qxe4 fxe4 31. Ba1 Bb4 32. Kh2 Rc1 33. Bb2 Re1 34. Kg3 Rxe3+ 35. Kg4 g6 36. f5 Bd6 37. fxg6 hxg6 38. Bc1 Rg3+ 39. Kh4 Kg7 40. Bg5 Rc3 41. Rb2 Bg3+ 42. Kg4 Bc7 43. Bf4 Bxf4 44. Kxf4 Rd3 45. Ke5 e3 46. Re2 Kf7 47. Kxd5 Rc3 48. Rb2 b5 49. Rxb5 e2 50. Rb1 Re3 51. Re1 Ke7 52. h4 Kf6 53. g4 Ke7 54. h5 gxh5 55. gxh5 Kf6 56. Kd6 Kg5 57. d5 Kxh5 58. Kc7 Kg4 59. d6 Kf3 60. d7 Rc3+ 61. Kb7 Rd3 62. Kc7 Rc3+ 1/2-1/2

[Event "Florianopolis zt 2.4"]
[Site "Florianopolis"]
[Date "2017.04.28"]
[Round "3"]
[White "Gomes, Carlos Henrique Cal"]
[Black "Cunha, Adriano de Jesus Si"]
[Result "0-1"]
[WhiteElo "1792"]
[BlackElo "1995"]
[PlyCount "98"]
[EventDate "2017.04.26"]
[EventType "swiss"]
[EventRounds "9"]
[EventCountry "BRA"]
[SourceTitle "CBM 178 Extra"]
[Source "ChessBase"]
[SourceDate "2017.06.22"]
[SourceVersion "1"]
[SourceVersionDate "2017.06.22"]
[SourceQuality "1"]

1. d4 Nf6 2. c4 e6 3. Nc3 Bb4 4. e3 d5 5. cxd5 exd5 6. Bd3 0-0 7. Nge2 c6 8. a3 Bd6 9. 0-0 Re8 10. Re1 Ng4 11. Ng3 Qh4 12. Nce2 Qxh2+ 13. Kf1 h5 14. Nf4 Bxf4 15. exf4 Rf8 16. f5 Na6 17. Bg5 f6 18. Bf4 Bd7 19. Re7 Rf7 20. Rxf7 Kxf7 21. Be2 Bxf5 22. f3 Qxg3 23. Bxg3 Ne3+ 24. Kf2 Nxd1+ 25. Rxd1 Nb8 26. b4 a6 27. Rc1 Nd7 28. a4 g5 29. b5 axb5 30. axb5 Ra2 31. bxc6 bxc6 32. Kf1 Rc2 33. Rxc2 Bxc2 34. Ba6 Ba4 35. Bd6 Bb5+ 36. Bxb5 cxb5 37. Ke2 Ke6 38. Bb4 f5 39. Bd2 g4 40. Kf2 Nb8 41. fxg4 fxg4 42. g3 Kf5 43. Ke3 Nd7 44. Kd3 Nf6 45. Be1 Ne4 46. Kc2 Ng5 47. Kd3 Nf3 48. Bf2 b4 49. Be3 Ne1+ 0-1

[Event "Florianopolis zt 2.4"]
[Site "Florianopolis"]
[Date "2017.04.27"]
[Round "2"]
[White "Cunha, Adriano de Jesus Si"]
[Black "Predebon, Eduardo Angonesi"]
[Result "0-1"]
[WhiteElo "1995"]
[BlackElo "1829"]
[PlyCount "72"]
[EventDate "2017.04.26"]
[EventType "swiss"]
[EventRounds "9"]
[EventCountry "BRA"]
[SourceTitle "CBM 178 Extra"]
[Source "ChessBase"]
[SourceDate "2017.06.22"]
[SourceVersion "1"]
[SourceVersionDate "2017.06.22"]
[SourceQuality "1"]

1. Nf3 Nf6 2. d4 g6 3. Bf4 Bg7 4. e3 d6 5. Be2 0-0 6. 0-0 Nbd7 7. Nbd2 c5 8. c3 b6 9. a4 Nh5 10. Bg5 h6 11. Bh4 g5 12. Ne1 gxh4 13. Bxh5 Bb7 14. Bf3 Bxf3 15. Nexf3 e6 16. Qc2 Rc8 17. Rad1 d5 18. Qd3 c4 19. Qc2 Qf6 20. e4 h3 21. gxh3 Kh8 22. Kh1 Qf4 23. Rde1 Rfe8 24. e5 f6 25. exf6 Qxf6 26. Rg1 e5 27. Rg6 Qf4 28. Reg1 Re7 29. R1g4 Qf8 30. Nh4 e4 31. Rxh6+ Bxh6 32. Ng6+ Kh7 33. Nxf8+ Rxf8 34. Nf1 Ref7 35. f4 Bxf4 36. Qg2 Bh6 0-1

[Event "Paraense-ch"]
[Site "Parauapebas"]
[Date "2016.10.28"]
[Round "2.5"]
[White "Cunha, Adriano de Jesus Si"]
[Black "Ferreira, Pedro Araujo"]
[Result "0-1"]
[WhiteElo "2039"]
[BlackElo "2046"]
[PlyCount "148"]
[EventDate "2016.10.28"]
[EventType "swiss"]
[EventRounds "6"]
[EventCountry "BRA"]
[SourceTitle "EXT 2022"]
[Source "ChessBase"]
[SourceDate "2021.10.06"]
[SourceVersion "1"]
[SourceVersionDate "2021.10.06"]
[SourceQuality "1"]

1. d4 f5 2. g3 Nf6 3. Bg2 e6 4. Nh3 Be7 5. 0-0 0-0 6. c4 d5 7. cxd5 exd5 8. Nc3 c6 9. Nf4 Na6 10. Qb3 Kh8 11. Nd3 Qb6 12. Qxb6 axb6 13. Bg5 Nc7 14. Nf4 Ne6 15. Nxe6 Bxe6 16. Bh3 Bd6 17. f3 h6 18. Bd2 Rfe8 19. Kf2 b5 20. a3 f4 21. Bxe6 fxg3+ 22. hxg3 Rxe6 23. g4 Rf8 24. Kg2 Kg8 25. Rh1 Nh7 26. Rae1 Ng5 27. Bxg5 hxg5 28. e4 dxe4 29. Rxe4 Ref6 30. Rf1 Rh6 31. Re2 Kf7 32. Rh1 Rxh1 33. Kxh1 Re8 34. Re4 Rh8+ 35. Kg1 Rh2 36. Ne2 Rh8 37. Kf2 b4 38. axb4 Bxb4 39. Ke3 Bd6 40. Kd3 Rh3 41. Ke3 Rh2 42. Kd3 Rh3 43. Ke3 Rh2 44. Kd3 Rh3 45. Ke3 Rh2 46. Kd2 Bf4+ 47. Kc2 Rf2 48. d5 cxd5 49. Rb4 Rxe2+ 50. Kd1 Re3 51. Rxb7+ Ke6 52. Rxg7 Rxf3 53. Rg8 Kd7 54. Kc2 d4 55. Rg7+ Kc6 56. Rg6+ Kc5 57. b4+ Kxb4 58. Kd1 Rg3 59. Ke2 Rxg4 60. Kd3 Be3 61. Rb6+ Kc5 62. Rg6 Rg2 63. Rf6 g4 64. Rf5+ Kb4 65. Rf8 Rd2+ 66. Ke4 g3 67. Rb8+ Kc3 68. Rc8+ Kb2 69. Rb8+ Kc1 70. Rc8+ Kd1 71. Ra8 Rc2 72. Kd3 Rc3+ 73. Ke4 g2 74. Ra1+ Rc1 0-1

[Event "Sao Paulo op 5th"]
[Site "Sao Paulo"]
[Date "2016.10.15"]
[Round "3"]
[White "Maciel, Diogo Alves"]
[Black "Cunha, Adriano de Jesus Si"]
[Result "1/2-1/2"]
[WhiteElo "2004"]
[BlackElo "2039"]
[PlyCount "110"]
[EventDate "2016.10.13"]
[EventType "swiss"]
[EventRounds "6"]
[EventCountry "BRA"]
[SourceTitle "CBM 175 Extra"]
[Source "ChessBase"]
[SourceDate "2016.12.12"]
[SourceVersion "1"]
[SourceVersionDate "2016.12.12"]
[SourceQuality "1"]

1. Nf3 Nf6 2. c4 c6 3. g3 d5 4. Bg2 e6 5. 0-0 Bd6 6. b3 0-0 7. Bb2 Nbd7 8. d3 Qe7 9. Nbd2 e5 10. cxd5 cxd5 11. e4 dxe4 12. dxe4 b5 13. Qe2 Rb8 14. Rfd1 Ba3 15. Bxa3 Qxa3 16. Qe3 Re8 17. Rac1 Bb7 18. Bh3 Rbc8 19. Rxc8 Bxc8 20. Qc3 Qe7 21. Qc7 Nb6 22. Qxe7 Rxe7 23. Bxc8 Nxc8 24. Rc1 Nd6 25. Rc6 Nfe8 26. Kf1 f6 27. Ke2 Rc7 28. Rxc7 Nxc7 29. Kd3 Ne6 30. h4 Kf7 31. Ne1 Nd4 32. Nc2 Nxc2 33. Kxc2 Ke6 34. Kd3 Kd7 35. a4 a6 36. f4 Kc6 37. fxe5 fxe5 38. Nf3 Nf7 39. Kc3 bxa4 40. bxa4 Kc5 41. g4 Nd6 42. Ng5 g6 43. Kd3 h6 44. Nf3 Nf7 45. Ke3 a5 46. Nd2 Nd6 47. Nb3+ Kb6 48. Kd3 Nb7 49. Nd2 Nc5+ 50. Kc2 Nxa4 51. Nc4+ Kc5 52. Nxe5 g5 53. hxg5 hxg5 54. Nf3 Kd6 55. Nxg5 Nc5 1/2-1/2

[Event "Sao Paulo op 5th"]
[Site "Sao Paulo"]
[Date "2016.10.13"]
[Round "1"]
[White "Martins, Vinicius Tine"]
[Black "Cunha, Adriano de Jesus Si"]
[Result "1-0"]
[WhiteElo "2292"]
[BlackElo "2039"]
[PlyCount "71"]
[EventDate "2016.10.13"]
[EventType "swiss"]
[EventRounds "6"]
[EventCountry "BRA"]
[SourceTitle "CBM 175 Extra"]
[Source "ChessBase"]
[SourceDate "2016.12.12"]
[SourceVersion "1"]
[SourceVersionDate "2016.12.12"]
[SourceQuality "1"]

1. Nf3 Nf6 2. c4 c6 3. g3 d5 4. Bg2 e6 5. 0-0 Be7 6. d4 0-0 7. Qc2 Nbd7 8. Nbd2 Qc7 9. b3 Re8 10. Bb2 Bb4 11. Rac1 h6 12. a3 Bd6 13. b4 Qb8 14. e4 e5 15. Nxe5 Nxe5 16. dxe5 Bxe5 17. exd5 cxd5 18. cxd5 Bxb2 19. Qxb2 Bf5 20. Rfe1 Qd8 21. Qd4 Re7 22. Rxe7 Qxe7 23. Nf1 Rd8 24. Ne3 Be4 25. Bxe4 Nxe4 26. h4 g6 27. Re1 Nd6 28. Ng2 Qd7 29. Qxa7 Nb5 30. Qc5 Nxa3 31. Nf4 Qd6 32. Re8+ Kh7 33. Rxd8 Qxd8 34. d6 Qe8 35. Qc7 Qe1+ 36. Kg2 1-0

[Event "Imperatriz LMX Maranhense 12th"]
[Site "Imperatriz"]
[Date "2016.09.24"]
[Round "1.3"]
[White "Cunha, Adriano de Jesus Si"]
[Black "Silva Filho, Dombosco Lima"]
[Result "1-0"]
[WhiteElo "2039"]
[BlackElo "1707"]
[PlyCount "75"]
[EventDate "2016.09.24"]
[EventType "swiss"]
[EventRounds "5"]
[EventCountry "BRA"]
[SourceTitle "EXT 2022"]
[Source "ChessBase"]
[SourceDate "2021.10.06"]
[SourceVersion "1"]
[SourceVersionDate "2021.10.06"]
[SourceQuality "1"]

1. d4 Nf6 2. c4 e6 3. Nc3 d5 4. e3 c5 5. Nf3 Nc6 6. Be2 Be7 7. 0-0 0-0 8. b3 b6 9. Ba3 Bb7 10. dxc5 dxc4 11. Qxd8 Rfxd8 12. Bxc4 bxc5 13. Na4 Nb4 14. Rfc1 Bxf3 15. gxf3 Rac8 16. Kf1 Nd7 17. Bb5 Ne5 18. Be2 Bf8 19. f4 Ng6 20. Nb2 Rd2 21. Bxb4 Rxb2 22. Bc3 Rxe2 23. Kxe2 Ne7 24. Be1 Nd5 25. Rc4 Nb6 26. Rc2 h6 27. e4 Nd7 28. Rd1 Nb8 29. Bd2 Nc6 30. Bc3 a5 31. Rcd2 Ra8 32. Rd7 a4 33. Rc7 Nb4 34. Bxb4 cxb4 35. bxa4 Rxa4 36. Rd8 Rxa2+ 37. Kf3 b3 38. Rb7 1-0

[Event "Maraba op 3rd"]
[Site "Maraba"]
[Date "2016.04.21"]
[Round "1"]
[White "Costa, Edvaldo da Cruz"]
[Black "Cunha, Adriano de Jesus Si"]
[Result "1/2-1/2"]
[WhiteElo "1739"]
[BlackElo "2038"]
[PlyCount "145"]
[EventDate "2016.04.21"]
[EventType "swiss"]
[EventRounds "7"]
[EventCountry "BRA"]
[SourceTitle "CBM 172 Extra"]
[Source "ChessBase"]
[SourceDate "2016.06.21"]
[SourceVersion "1"]
[SourceVersionDate "2016.06.21"]
[SourceQuality "1"]

1. d4 d5 2. c4 e6 3. Nc3 c6 4. e4 dxe4 5. Nxe4 Nd7 6. Nf3 Ngf6 7. Nc3 Bb4 8. Qc2 c5 9. Be2 cxd4 10. Nxd4 a6 11. 0-0 Qc7 12. Nf3 0-0 13. a3 Be7 14. b3 b6 15. Bb2 Bb7 16. h3 Ne5 17. Nxe5 Qxe5 18. Nd5 Qd6 19. Nxf6+ Bxf6 20. Bxf6 gxf6 21. Qc3 Qf4 22. Qg3+ Qg5 23. h4 Qg6 24. Bf3 Bxf3 25. Qxf3 f5 26. Rfd1 Qf6 27. Qg3+ Kh8 28. Qg5 Qxg5 29. hxg5 Rfd8 30. f4 Kg7 31. Kf2 Kg6 32. Kf3 Rac8 33. g4 Rxd1 34. gxf5+ Kxf5 35. Rxd1 b5 36. Rd4 bxc4 37. bxc4 Rc5 38. Rd7 Kg6 39. Rd6 Ra5 40. Rd3 Kf5 41. Ke3 e5 42. fxe5 Kxe5 43. Kf3 Ra4 44. Kg4 Rxc4+ 45. Kh5 Rc6 46. Rf3 f5 47. gxf6 Rxf6 48. Rb3 Kd4 49. Kg5 Rc6 50. Kf5 a5 51. Rh3 h6 52. Rh4+ Kd5 53. Ra4 Ra6 54. Kf4 Kc5 55. Ke3 Kb5 56. Rh4 Rd6 57. a4+ Kc6 58. Rh5 Kb6 59. Rb5+ Ka6 60. Rh5 Rb6 61. Kd3 Re6 62. Kc3 Rg6 63. Kb3 Rg3+ 64. Kb2 Rg6 65. Kb3 Kb6 66. Rb5+ Kc6 67. Rxa5 Rg3+ 68. Kc4 Rh3 69. Kd4 Kb6 70. Rf5 h5 71. Ke4 Rh4+ 72. Kf3 Rxa4 73. Rxh5 1/2-1/2

[Event "Belem Regional Norte"]
[Site "Belem"]
[Date "2016.03.18"]
[Round "2"]
[White "Souza Neves, Andrey Marcelo"]
[Black "Cunha, Adriano de Jesus Si"]
[Result "0-1"]
[WhiteElo "2210"]
[BlackElo "2007"]
[PlyCount "68"]
[EventDate "2016.03.18"]
[EventType "swiss"]
[EventRounds "6"]
[EventCountry "BRA"]
[SourceTitle "CBM 171 Extra"]
[Source "ChessBase"]
[SourceDate "2016.04.26"]
[SourceVersion "1"]
[SourceVersionDate "2016.04.26"]
[SourceQuality "1"]

1. d4 Nf6 2. Nf3 d5 3. c4 e6 4. Nc3 c6 5. e3 Nbd7 6. Qc2 Bd6 7. Be2 0-0 8. 0-0 dxc4 9. Bxc4 e5 10. Rd1 Qe7 11. h3 h6 12. b3 b5 13. Be2 a6 14. Bb2 e4 15. Nd2 Re8 16. Nf1 Nb6 17. Rac1 Bf5 18. Qd2 Rac8 19. Qe1 Nfd5 20. Nh2 Qg5 21. Kh1 h5 22. Nxd5 Nxd5 23. a3 Re6 24. Bf1 Bxh3 25. f4 exf3 26. gxh3 Rxe3 27. Qf2 Bg3 28. Qg1 f2 29. Qg2 Nf4 30. Nf3 Qg6 31. Ne5 Rxe5 32. dxe5 Nxg2 33. Bxg2 Bf4 34. Rc3 Bxe5 0-1

[Event "Parauapebas Paraense-ch"]
[Site "Parauapebas"]
[Date "2015.11.22"]
[Round "5"]
[White "Cunha, Adriano de Jesus Si"]
[Black "Veiga, Emerson de Sousa"]
[Result "0-1"]
[WhiteElo "1999"]
[BlackElo "2083"]
[PlyCount "106"]
[EventDate "2015.11.20"]
[EventType "swiss"]
[EventRounds "6"]
[EventCountry "BRA"]
[SourceTitle "CBM 169 Extra"]
[Source "ChessBase"]
[SourceDate "2015.12.18"]
[SourceVersion "1"]
[SourceVersionDate "2015.12.18"]
[SourceQuality "1"]

1. d4 Nf6 2. c4 e6 3. Nc3 d5 4. f3 Bb4 5. a3 Be7 6. e4 0-0 7. Be3 dxe4 8. fxe4 e5 9. d5 Ng4 10. Bc1 Bc5 11. Nh3 a6 12. Qd3 f5 13. Bg5 Qd6 14. 0-0-0 f4 15. b4 Be3+ 16. Kc2 Bd4 17. Rd2 Ne3+ 18. Kb3 c5 19. Ne2 b5 20. Rc2 Nd7 21. Nxd4 exd4 22. Qd2 h6 23. Bh4 Nxc2 24. Qxc2 bxc4+ 25. Bxc4 cxb4 26. Be7 Qb6 27. Bxf8 Kxf8 28. Nxf4 Nc5+ 29. Ka2 Rb8 30. Rb1 Qa5 31. Rb3 Nxb3 32. Qxb3 Qxa3+ 33. Qxa3 bxa3 34. Kxa3 Ke7 35. Ne2 Bd7 36. Nxd4 Kd6 37. Nb3 Bb5 38. Bxb5 Rxb5 39. Ka4 Ke5 40. Nd2 Rc5 41. Kb3 a5 42. h3 g5 43. g3 Kd4 44. d6 Rc6 45. Ka4 Rxd6 46. Kxa5 Re6 47. Nb3+ Kxe4 48. Nc5+ Kd5 49. Nxe6 Kxe6 50. Kb5 Kd5 51. g4 Ke4 52. Kc4 Kf3 53. Kd5 Kg3 0-1